Central Library OPAC University of Rajshahi

Italian literature : (Record no. 21688)

MARC details
000 -LEADER
fixed length control field 00831nam a2200265 i 4500
001 - CONTROL NUMBER
control field 21688
003 - CONTROL NUMBER IDENTIFIER
rucl marc code BD-RjUL
005 - DATE AND TIME OF LATEST TRANSACTION
control field 20211209000721.0
008 - FIXED-LENGTH DATA ELEMENTS--GENERAL INFORMATION
fixed length control field 140305s1977 enk b 001 0 eng
020 ## - INTERNATIONAL STANDARD BOOK NUMBER
International Standard Book Number 0064909212 (U.S.) :
035 ## - SYSTEM CONTROL NUMBER
System control number (BD-RjUL)21753
040 ## - CATALOGING SOURCE
Original cataloging agency DLC
Transcribing agency DLC
Modifying agency DLC
Language of cataloging eng
041 ## - LANGUAGE CODE
Language code of text/sound track or separate title eng
082 00 - DEWEY DECIMAL CLASSIFICATION NUMBER
Classification number 850.9
Author mark and year CAI
100 ## - MAIN ENTRY--PERSONAL NAME
Personal name Cairns, Christopher
9 (RLIN) 67721
245 10 - TITLE STATEMENT
Title Italian literature :
Remainder of title the dominant themes /
Statement of responsibility, etc. Christopher Cairns.
260 ## - PUBLICATION, DISTRIBUTION, ETC. (IMPRINT)
Place of publication, distribution, etc. Newton Abbot [Eng.] :
Name of publisher, distributor, etc. David & Charles ;
Place of publication, distribution, etc. New York :
Name of publisher, distributor, etc. Barnes & Noble,
Date of publication, distribution, etc. 1977.
300 ## - PHYSICAL DESCRIPTION
Pagination 189 p. ;
Size 23 cm.
490 0# - SERIES STATEMENT
Series statement Comparative literature series
504 ## - BIBLIOGRAPHY, ETC. NOTE
Bibliography, etc Includes Bibliography: p. 178-186 and index.
650 #0 - SUBJECT ADDED ENTRY--TOPICAL TERM
Topical term or geographic name as entry element Italian literature
General subdivision History and criticism.
9 (RLIN) 66980
942 ## - ADDED ENTRY ELEMENTS (KOHA)
Source of classification or shelving scheme Dewey Decimal Classification
Koha item type Books
Holdings
Lost status Source of classification or shelving scheme Damaged status Not for loan Collection code Permanent Location Current Location Shelving location Date acquired Source of acquisition Cost, normal purchase price Total Checkouts Full call number Date last seen Copy number Koha item type
  Dewey Decimal Classification   Added to bundle Non-fiction Central Library, University of Rajshahi Central Library, University of Rajshahi Reading Room 31/03/1980 Heffers 6.50   850.9 CAI 1977 05/03/2014 C-1 Books